Responses for Show #6060 - Friday, January 7, 2011

Contestants

[<< previous game]

Gabe Perez-Giz, a graduate student of physics from New York, New York

Dana Gresko, a marketing manager from Montpelier, Virginia

Dan Jensen, a restaurant manager from Reston, Virginia (whose 1-day cash winnings total $21,001)

[next game >>]

Jeopardy! Round responses

THE SPIRIT OF ST. LOUIS
TAKING STOCK, SYMBOLICALLY
ENDS IN "H"
THE NATIONAL INVENTORS HALL OF FAME
INTERNATIONAL FOOD
POETS OF SONG
    $200 21
the Gateway Arch

Gabe
    $200 1
Hewlett-Packard

Gabe
    $200 6
a slouch

Dana
    $200 11
Colt

Dana
    $200 13
a grain

Gabe
    $200 26
"Blowin' In The Wind"

Gabe
    $400 22
the steamboat

Dana
    $400 2
(Dana: What is American Airlines?)

Alcoa

DanDana
    $400 7
a latch

Dana
    $400 12
Gillette

Dan
    $400 14
caramel

Dana
    $400 27
Paul Simon

Triple Stumper
    $600 23
Lindbergh

Gabe
    $600 3
Walmart

Gabe
    $600 8
a berth

Gabe
    $600 18
(Frank) Zamboni

Dana
    $600 15
garbanzo beans (or chickpeas)

Dan
    $600 28
David Bowie

Gabe
    $800 24
(Dan: What is Memorial Park?)
(Dana: What is Veteran's Park?)

Busch Stadium

DanDana
Triple Stumper
    $800 4
Capital One

Gabe
    $800 9
messiah

Gabe
    $800 19
(Dana: Who is Bose?)

Dolby

DanDana
    $800 16
(Gabe: What is goat's milk?)

yogurt

DanGabe
    $800 29
the Velvet Underground

Gabe
    $1000 25
Marlin Perkins

Triple Stumper
    $1000 5
Pfizer

Gabe
    $2,500 10
[Gabe shakes his head]

Raleigh

Gabe
    $1000 20
(Dana: Who is Pasteur?)

Borden

Dana
Triple Stumper
    $1000 17
ceviche

Dan
    $1000 30
Patti Smith

Triple Stumper

Scores at the first commercial break (after clue 15):

Dan Dana Gabe
$1,400 $800 $1,700

Scores at the end of the Jeopardy! Round:

Dan Dana Gabe
$3,200 -$800 $3,300

Double Jeopardy! Round responses

SMART ALEX
(Alex: It's not about me.)
TV TITLE REFERENCES
BORN TO RUN
NECKWEAR
NUMBERS 4 LETTERS
(Alex: Now, [*]--each response is a 4-letter word based on a simple code where a number represents a letter.)
"SONG" OF POETS
    $400 1
the Smithsonian

Gabe
    $400 20
a community college

Dana
    $400 4
John Quincy Adams

Gabe
    $400 13
a bandanna

Dana
    $400 3
Baal

Dan
    $400 26
(Gabe: What is Hiawatha?)
...
(Alex: Yes, the correct response has to contain "song" in it.)

The Song of Hiawatha

DanaGabe
    $800 2
Alexander Fleming

Triple Stumper
    $800 22
Parks & Recreation

Dana
    $800 6
Benjamin Harrison

Dan
    $800 14
a lei

Dan
    $800 5
zinc

Dana
    $800 27
Song of Songs

Dana
    $1200 10
(Alexander) Pope

Dan
    $1200 23
the middle

Dan
    $1200 7
the Kennedy family

Dana
    $2,000 15
a bow tie

Dan
    $1200 17
(Alex: 1 for "A"--right?)

an army

Triple Stumper
    $1200 28
"Song of Myself"

Gabe
    $1600 11
(Dan: What is the Ottoman Empire?)

the Roman Empire

DanDana
    $1600 24
anthropologist

Gabe
    $1600 8
(Alex: The Tafts of Ohio.)

William Howard Taft

Triple Stumper
    $1600 16
a boa

Gabe
    $1600 18
yarn

Dan
    $1,500 29
(Gabe: [Taps on lectern] What is Song of something?)

Songs of Innocence

Gabe
    $2000 12
(Alexander) von Humboldt

Dan
    $2000 25
Castle

Gabe
    $2000 9
(Gabe: Who is McCain?)

the Udalls

Gabe
Triple Stumper
    $2000 21
a dickey

Dana
    $2000 19
cyan

Gabe
    $2000 30
The Song of Roland

Dana

Scores at the end of the Double Jeopardy! Round:

Dan Dana Gabe
$11,600 $9,600 $8,600

[wagering suggestions for these scores]

Final Jeopardy! Round responses

WORLD LANGUAGES
(Alex: Where do you find most of the Spanish-speaking countires? On what continent? That would've helped you, I'm sure.)
GabeWhat is Venezuela?
$4,599
DanaWhat is Urug Venezuela
$2,001
DanWhat is Venezuela?
$7,601
Venezuela

Final scores:

Dan Dana Gabe
$19,201 $11,601 $13,199
2-day champion: $40,202 3rd place: $1,000 2nd place: $2,000

Game dynamics:

Coryat scores:

Dan Dana Gabe
$10,800 $9,600 $12,600
14 R
(including 1 DD),
2 W
16 R,
4 W
19 R,
5 W
(including 2 DDs)

Combined Coryat: $33,000

[game clues] [game scores] [suggest correction]

Game tape date: 2010-09-28
The J! Archive is created by fans, for fans. Scraping, republication, monetization, and malicious use prohibited; this site may use cookies and collect identifying information. See terms. The Jeopardy! game show and all elements thereof, including but not limited to copyright and trademark thereto, are the property of Jeopardy Productions, Inc. and are protected under law. This website is not affiliated with, sponsored by, or operated by Jeopardy Productions, Inc. Join the discussion at JBoard.tv.